Asbestos - the issues: a CPD study pack (Record no. 103021)
[ view plain ]
| 000 -LEADER | |
|---|---|
| fixed length control field | 01768cam a2200265 4500 |
| 008 - FIXED-LENGTH DATA ELEMENTS--GENERAL INFORMATION | |
| fixed length control field | 010726n2003 000 0 eng u |
| 020 ## - INTERNATIONAL STANDARD BOOK NUMBER | |
| International Standard Book Number | 1904388116 |
| 035 ## - SYSTEM CONTROL NUMBER | |
| System control number | (Sirsi) u123298 |
| 050 ## - LIBRARY OF CONGRESS CALL NUMBER | |
| Classification number | 549.66 |
| 100 ## - MAIN ENTRY--PERSONAL NAME | |
| Personal name | Winstone, P. |
| 245 ## - TITLE STATEMENT | |
| Title | Asbestos - the issues: a CPD study pack |
| 260 ## - PUBLICATION, DISTRIBUTION, ETC. | |
| Place of publication, distribution, etc. | Oxford |
| Name of publisher, distributor, etc. | College of Estate Management |
| Date of publication, distribution, etc. | 2003 |
| 300 ## - PHYSICAL DESCRIPTION | |
| Extent | 54p. : 30cm. + 1 audio cd (ca.60 min.) |
| 350 ## - PRICE (NR) (BK AM CF MU VM SE) [OBSOLETE] | |
| Price | 48.50 |
| 490 ## - SERIES STATEMENT | |
| Series statement | College of Estate Management CPD Study Pack |
| 520 ## - SUMMARY, ETC. | |
| Summary, etc. | Asbestos is one of most highly regulated topics in the United Kingdom, and this study pack aims to remove the mystique surrounding this "taboo" material and its historic use in buildings. It is intended for those carrying out or commissioning asbestos-related services in connection with all aspects of the property industry. You will find background information on the different forms and types of asbestos-containing materials commonly found in buildings and advice on evaluating the risks that they may present. Relevant legislation is summarised including the Control of Asbestos at Work Regulations 2002 and all aspects of asbestos are addressed including, inspection, sampling, registers, asbestos management plans as well as its removal, treatment and disposal. [CEM] Accompanied by Owlion cd "Asbestos No 2 Update 2003" also available to borrow separately (J122031). |
| 520 ## - SUMMARY, ETC. | |
| Summary, etc. | Superseded by 2005 edition (ISBN 1904388450). Supersedes 2001 edition (ISBN 1899769145). |
| 650 ## - SUBJECT ADDED ENTRY--TOPICAL TERM | |
| Topical term or geographic name entry element | ACCREDITATION SCHEMES |
| 650 ## - SUBJECT ADDED ENTRY--TOPICAL TERM | |
| Topical term or geographic name entry element | MANAGEMENT-HEALTH AND SAFETY-HAZARDOUS SUBSTANCES-ASBESTOS |
| 650 ## - SUBJECT ADDED ENTRY--TOPICAL TERM | |
| Topical term or geographic name entry element | ASBESTOS REMOVAL |
| 650 ## - SUBJECT ADDED ENTRY--TOPICAL TERM | |
| Topical term or geographic name entry element | HEALTH & SAFETY |
| 690 ## - LOCAL SUBJECT ADDED ENTRY--TOPICAL TERM (OCLC, RLIN) | |
| Topical term or geographic name as entry element | BUILT ENVIRONMENT-BUILDING STANDARDS |
| 710 ## - ADDED ENTRY--CORPORATE NAME | |
| Corporate name or jurisdiction name as entry element | College of Estate Management |
| 9 (RLIN) | 400 |
| 942 ## - ADDED ENTRY ELEMENTS (KOHA) | |
| Suppress in OPAC | 0 |
| Withdrawn status | Lost status | Source of classification or shelving scheme | Damaged status | Not for loan | Home library | Current library | Shelving location | Date acquired | Cost, normal purchase price | Total Checkouts | Full call number | Barcode | Date last seen | Date last checked out | Copy number | Cost, replacement price | Price effective from | Koha item type |
|---|---|---|---|---|---|---|---|---|---|---|---|---|---|---|---|---|---|---|
| Dewey Decimal Classification | London | London | Basement | 17/10/2003 | 41.22 | 41 | SHELF 330 | 30067868 | 06/08/2019 | 18/10/2007 | 4 | 41.22 | 06/08/2019 | Audio |